000
00274nam a2200121Ia 4500
008
220204s9999 xx 000 0 und d
082
_a
07.01
_b
PRA
100
_a
Pramila Mehra
245
0
_a
Beauty care
250
_a
Ed.3
260
_a
Delhi
_b
Hind Pocket
_c
1979
942
_c
BK
999
_c
38447
_d
38447